00684nam a2200241 a 4500001001300000003000900013005001700022008004100039020002300080082001900103100001600122245002400138260004200162300000900204500003500213505001000248650001600258700001600274902000800290942000700298952012000305999001700425nice12345678IN_TiNIC20260116013614.0050524s1994 dela grp 000 0 eng  a8170245 c30000a305.40954bSHA aSharma, O C aCrime Against Women aDelhibAshish Publishing House c1994 a248p aincludes index and biblioraphy2 aIndex aWomen-India1 aSharma, O C bSRS cBK 001040708StackRoom-aHMIbHMId2007-03-21g300.00l0o305.40954 SHAp015529r2020-03-11v300.00w2005-05-24yBK c11640d11640